Komödien. Band 2, Komödien 1838-1845 /

Hlavní autor: Nestroy, Johann, 1801-1862
Další autoři: Mautner, Franz H., 1902-1995
Jazyk: Němčina
Vydáno: Frankfurt am Main : Insel, 1987
Témata:
Fyzický popis: 671 s.
Knihy
Uloženo v:
LEADER 01114nam a2200277 a 4500
001 000981648
003 CZ BrMZK
005 20141118143611.0
007 ta
008 010711s1987 au 000 0 ger d
020 |a 3-458-32226-4 
040 |a BOA001  |b cze 
100 1 |a Nestroy, Johann,  |d 1801-1862  |7 jn20000604160  |4 aut 
245 1 0 |a Komödien.  |n Band 2,  |p Komödien 1838-1845 /  |c Johann Nestroy ; herausgegeben von Franz H. Mautner 
246 3 0 |a Komödien 1838-1845 
260 |a Frankfurt am Main :  |b Insel,  |c 1987 
300 |a 671 s. 
505 0 0 |t Zerrissene --  |t Haus der Temperamenta --  |t Mädl aus der Vorstadt --  |t Talisman --  |t Verhängsvolle Faschingsnacht --  |t Jux will er sich machen --  |t Liebesgeschichten und Heiratssachen 
653 |a dramata 
655 7 |a divadelní hry  |7 fd132028  |2 czenas 
655 7 |a komedie  |7 fd132576  |2 czenas 
700 1 |a Mautner, Franz H.,  |d 1902-1995  |7 mzk2012682578  |4 edt 
910 |a BOA001  |b RK-0000.868,2 
990 |a BK 
991 |z 000007202  |x 33 
996 7 |b 261A002101  |c RK-0000.868,2  |l Rakouská knihovna/2.patro  |r ZHR  |n 6  |p {1-B-00.868,2}  |h DR-nes  |w 000981648  |u 000010  |a 0  |e BOA001  |j MZK50  |s A